000 00502nam a2200169 i 4500
001 104128
003 ES-MaACL
005 20230906183522.0
007 t|
008 051123s1952 sp ||||1| spa d
100 1 _aMeyer, Alphonse.
_980778
245 1 0 _aAnécdotas papales /
_cAlfonso Meyer; [versión española de Rosa Mª Topete].
260 _aMadrid :
_bAtenas,
_c1954.
300 _a262 p. ;
_c20 cm.
700 1 _aTopete Bohigas, Rosa María.
_9110596
852 _aES-MaACL
_jC-8408
_bR.36384
999 _c104128
_d104128